|
|
|
|
| LEADER |
00000cam a2200000 a 4500 |
| 001 |
vtls001369761 |
| 003 |
SK-MaSNL |
| 005 |
20260301161123.0 |
| 008 |
240226s1967 xxuao r 000 0 slo |
| 015 |
|
|
|a SNBZSA1999-00263
|
| 020 |
|
|
|q (brožované)
|
| 035 |
|
|
|a SNK000323506
|
| 035 |
|
|
|a D76E6496-8514-4129-8660-AFF3EC780DDE
|
| 035 |
|
|
|a urn:nbn:sk:snk-am00idq5
|
| 040 |
|
|
|a SNK
|b slo
|c SNK
|e AACR2
|
| 041 |
0 |
|
|a slo
|a eng
|
| 044 |
|
|
|a xxu
|c US
|
| 080 |
|
|
|a 061.25:323.113(=854)(73)=20=854
|2 1981
|
| 080 |
|
|
|a 323.113(=854)(73)=20=854
|2 1981
|
| 110 |
2 |
|
|a Slovenská liga v Amerike
|4 aut
|9 29848
|
| 245 |
1 |
0 |
|a 60 rokov Slovenskej ligy v Amerike
|b pamätnica z príležitosti osláv 60. výročia v New Yorku 11. a 12. novembra 1967
|
| 246 |
1 |
0 |
|a 60 years of the Slovak League of America
|
| 246 |
1 |
3 |
|a Šesťdesiat rokov Slovenskej Ligy v Amerike
|
| 260 |
|
|
|a New York
|b Slovenská liga v Amerike
|c 1967
|
| 300 |
|
|
|a 39 s.
|b fotogr.
|c 23 cm
|
| 500 |
|
|
|a Súbežný názov anglicky, text čiastočne anglicky
|
| 610 |
0 |
7 |
|a Slovenská liga v Amerike
|2 SNKKA
|9 29848
|
| 648 |
|
7 |
|a 1907-1967
|2 SNKPH
|9 523669
|
| 650 |
0 |
7 |
|a Slováci v zahraničí
|2 SNKPH
|9 14695
|
| 651 |
|
7 |
|a Spojené štáty americké
|2 SNPHgeo
|9 18262
|
| 655 |
|
7 |
|a jubilejné publikácie
|2 SNKPH
|9 70339
|
| 852 |
|
|
|a Slovenská národná knižnica
|
| 954 |
|
|
|a odborná, vedecká literatúra cudzojazyčná (svetová)
|2 lita
|
| 958 |
|
|
|a ZS
|
| 958 |
|
|
|a TL
|
| 958 |
|
|
|a US
|
| 958 |
|
|
|a OND
|
| 958 |
|
|
|a EUIPO
|
| 999 |
|
|
|c 808171
|d 810101
|
| 952 |
|
|
|a SNK
|b SNK
|y PREZ
|7 0
|p 17A0203981
|o snkSC 42042
|i snkV 1172/99
|8 2
|0 0
|1 0
|4 0
|d 1999-08-17
|f 1
|l 0
|r 2025-10-17 00:00:00
|w 2026-02-24
|